LIBRARY & INFORMATION CENTRE, KCAET, TAVANUR

ONLINE PUBLIC ACCESS CATALOGUE (OPAC)

Solar collectors: Test methods and design guidelines / (Record no. 9303)

MARC details
000 -LEADER
fixed length control field 00469cam a2200181ua 4500
020 ## - INTERNATIONAL STANDARD BOOK NUMBER
ISBN 90-277-2052-5
041 ## - LANGUAGE CODE
Language code of text/sound track or separate title eng
082 ## - DEWEY DECIMAL CLASSIFICATION NUMBER
Classification number 621.48
Item number GIL/SO
100 ## - MAIN ENTRY--AUTHOR NAME
Personal name Gillett, W B .
245 ## - TITLE STATEMENT
Title Solar collectors: Test methods and design guidelines /
250 ## - EDITION STATEMENT
Edition statement 1 /
260 ## - PUBLICATION, DISTRIBUTION, ETC. (IMPRINT)
Place of publication Toronto :
Name of publisher D Van nostrand co ,
Year of publication 1985.
300 ## - PHYSICAL DESCRIPTION
Number of Pages 316 ; .
700 1# - ADDED ENTRY--PERSONAL NAME
Personal name Moon, J E .
942 ## - ADDED ENTRY ELEMENTS (KOHA)
Koha item type Books
Holdings
Withdrawn status Lost status Damaged status Home library Current library Date acquired Full call number Accession Number Koha item type
      KAUAET KAUAET 27/03/1987 621.47 GIL/SO 16294 Books
free website counter